Rules for the direction of the mind : (Record no. 1099)

MARC details
000 -LEADER
fixed length control field 01264cam a22003251 4500
005 - DATE AND TIME OF LATEST TRANSACTION
control field 20260322212047.0
008 - FIXED-LENGTH DATA ELEMENTS--GENERAL INFORMATION
fixed length control field data
010 ## - LIBRARY OF CONGRESS CONTROL NUMBER
LC control number 55010338
040 ## - CATALOGING SOURCE
Original cataloging agency DLC
Transcribing agency DLC
Modifying agency DLC
041 1# - LANGUAGE CODE
Language code of text/sound track or separate title englat
050 00 - LIBRARY OF CONGRESS CALL NUMBER
Classification number AC1
Item number .G72 vol. 31
082 00 - DEWEY DECIMAL CLASSIFICATION NUMBER
Classification number 160
001 - CONTROL NUMBER
control field data
100 1# - MAIN ENTRY--PERSONAL NAME
Personal name Descartes, René,
Dates associated with a name 1596-1650.
240 10 - UNIFORM TITLE
Uniform title Regulae ad directionem ingenii.
Language of a work English
245 10 - TITLE STATEMENT
Title Rules for the direction of the mind :
Remainder of title Discourse on the method /
Statement of responsibility, etc. René Descartes ... [et al.].
260 ## - PUBLICATION, DISTRIBUTION, ETC.
Place of publication, distribution, etc. Chicago,
Name of publisher, distributor, etc. Encyclopaedia Britannica
Date of publication, distribution, etc. [1955, c1952]
300 ## - PHYSICAL DESCRIPTION
Extent x, 463 p.
Other physical details diagrs.
Dimensions 25 cm.
490 0# - SERIES STATEMENT
Series statement Great books of the Western World,
Volume/sequential designation v. 31
650 #0 - SUBJECT ADDED ENTRY--TOPICAL TERM
Topical term or geographic name entry element Philosophy.
700 1# - ADDED ENTRY--PERSONAL NAME
Personal name Descartes, René,
Dates associated with a name 1596-1650.
Title of a work Discours de la méthode.
Language of a work English.
Date of a work 1955.
700 1# - ADDED ENTRY--PERSONAL NAME
Personal name Descartes, René,
Dates associated with a name 1596-1650.
Title of a work Meditationes de prima philosophia.
Language of a work English.
Date of a work 1955.
700 1# - ADDED ENTRY--PERSONAL NAME
Personal name Descartes, René,
Dates associated with a name 1596-1650.
Title of a work Geométrie.
Language of a work English.
Date of a work 1955.
700 1# - ADDED ENTRY--PERSONAL NAME
Personal name Spinoza, Benedictus de,
Dates associated with a name 1632-1677.
Title of a work Ethica.
Language of a work English.
Date of a work 1955.
700 1# - ADDED ENTRY--PERSONAL NAME
Personal name Haldane, Elizabeth Sanderson,
Dates associated with a name 1862-1937,
Relator term tr.
700 1# - ADDED ENTRY--PERSONAL NAME
Personal name Smith, David Eugene,
Dates associated with a name 1860-1944,
Relator term tr.
700 1# - ADDED ENTRY--PERSONAL NAME
Personal name White, William Hale,
Dates associated with a name 1831-1913,
Relator term tr.
740 0# - ADDED ENTRY--UNCONTROLLED RELATED/ANALYTICAL TITLE
Uncontrolled related/analytical title Discourse on the method.
740 0# - ADDED ENTRY--UNCONTROLLED RELATED/ANALYTICAL TITLE
Uncontrolled related/analytical title Meditations on first philosophy.
Holdings
Withdrawn status Lost status Damaged status Not for loan Home library Current library Shelving location Date acquired Total checkouts Full call number Barcode Date last seen Price effective from Koha item type
        Centerville Centerville General stacks 22/03/2026   160 BC0011133 22/03/2026 22/03/2026 Books